[Event "67.C.to ITA Semifinale"]
[Site "Cortina d'Ampezzo ITA"]
[Date "2007.07.08"]
[Round "1.24"]
[White "Gioseffi, Massimiliano"]
[Black "Satta, Vladimiro"]
[Result "1-0"]
[WhiteElo "2014"]
[BlackElo "2248"]
[Annotator "Gabriele Ballarin"]
[PlyCount "67"]
[EventDate "2007.07.08"]
[EventType "swiss"]
[EventCountry "ITA"]

1. d4 Nf6 2. Nf3 d5 3. c4 e6 4. Nc3 Be7 5. Bg5 h6 6. Bh4 O-O 7. e3 b6 8. Rc1 Bb7 9. cxd5 Nxd5 10. Bxe7 Qxe7 11. Bd3 Nd7 12. Nxd5 Bxd5 13. e4 e5 14. O-O Bxa2 15. Qa4 Be6 16. Rxc7 Qd8 17. Rxa7 Rxa7 18. Qxa7 exd4 19. Nxd4 Bg4 20. Bb5 Ne5 21. Nc6 Nxc6 22. Bxc6 Be2 23. Re1 Qd2 24. Qa1 Rc8 25. Rc1 Qg5 26. Rc3 Qd2 27. h3 h5 28. Bd5 Rxc3 29. bxc3 h4 30. c4 Bd1 31. Kh1 Bh5 32. Qf1 Be2 33. Qg1 Qc2 34. f3 1-0

[Event "67.C.to ITA Semifinale"]
[Site "Cortina d'Ampezzo ITA"]
[Date "2007.07.08"]
[Round "1.25"]
[White "Franchini, Gabriele"]
[Black "Solinas, Carlo"]
[Result "1-0"]
[WhiteElo "2244"]
[BlackElo "2012"]
[Annotator "Gabriele Ballarin"]
[PlyCount "83"]
[EventDate "2007.07.08"]
[EventType "swiss"]
[EventCountry "ITA"]

1. e4 e5 2. Nf3 Nc6 3. d4 exd4 4. Nxd4 Qf6 5. Be3 Bc5 6. c3 Nge7 7. g3 b6 8. Bg2 Bb7 9. O-O O-O-O 10. b4 Bxd4 11. Bxd4 Nxd4 12. cxd4 d5 13. e5 Qf5 14. Nc3 h5 15. h3 g5 16. Rc1 Kb8 17. Qd2 h4 18. g4 Qe6 19. Qxg5 Nc6 20. b5 Rdg8 21. Qe3 Na5 22. f4 f5 23. g5 Nc4 24. Qe2 Rd8 25. Rfd1 Rd7 26. a4 Na5 27. Na2 c5 28. dxc5 bxc5 29. Rxc5 Qb6 30. Qf2 d4 31. Rcc1 Be4 32. Nb4 Nb3 33. Nc6+ Kb7 34. Rc4 Rd5 35. Ne7 Rc5 36. Rxc5 Qxc5 37. Nxf5 Bxg2 38. Qxg2+ Kb6 39. Qc6+ Qxc6 40. bxc6 Kc5 41. c7 Rc8 42. g6 1-0

[Event "67.C.to ITA Semifinale"]
[Site "Cortina d'Ampezzo ITA"]
[Date "2007.07.08"]
[Round "1.26"]
[White "Occari, Maurizio"]
[Black "Martorelli, Antonio"]
[Result "0-1"]
[WhiteElo "2008"]
[BlackElo "2240"]
[Annotator "Gabriele Ballarin"]
[PlyCount "146"]
[EventDate "2007.07.08"]
[EventType "swiss"]
[EventCountry "ITA"]

1. e4 c5 2. Nc3 e6 3. g3 d5 4. d3 Nc6 5. Bg2 d4 6. Nce2 g5 7. f4 gxf4 8. Nxf4 Bh6 9. Qh5 e5 10. Nd5 Bxc1 11. Rxc1 Nf6 12. Qh6 Nxd5 13. exd5 Ne7 14. Qg7 Ng6 15. Nf3 Qe7 16. O-O f6 17. Qh6 Bd7 18. c3 Bb5 19. c4 Bd7 20. Nh4 Nxh4 21. Qxh4 f5 22. Qh5+ Qf7 23. Qe2 O-O-O 24. Qxe5 Rde8 25. Qd6 Qe7 26. Qxe7 Rxe7 27. Rfe1 Rhe8 28. Kf2 b5 29. Rxe7 Rxe7 30. Re1 Rg7 31. Re5 bxc4 32. dxc4 Rg6 33. Bf1 Rb6 34. b3 Ra6 35. Re2 Rh6 36. Kf3 Kc7 37. Kf4 Kd6 38. h4 a5 39. Bh3 Rg6 40. Rd2 Rg8 41. Kf3 a4 42. Rd3 axb3 43. Rxb3 Ra8 44. a3 Ke5 45. Bf1 Ba4 46. Rb6 Bd7 47. Rb3 Ra4 48. Bd3 Bc8 49. Rb8 Bd7 50. Rb3 h6 51. Ke2 Ra6 52. Rb7 Kd6 53. Rb3 Bc8 54. Rb8 Bd7 55. Rh8 Rxa3 56. Rxh6+ Ke5 57. Rb6 Ra2+ 58. Ke1 Rg2 59. Rg6 Rh2 60. Rg7 Kd6 61. Rf7 Rg2 62. Bxf5 Bxf5 63. Rxf5 Rxg3 64. h5 Rh3 65. Rf6+ Ke5 66. Re6+ Kf5 67. h6 Rh2 68. Rc6 Ke5 69. Rxc5 Rxh6 70. Kd2 Rh2+ 71. Kd3 Rh3+ 72. Kd2 Ke4 73. Rc8 Rh2+ 0-1

[Event "67.C.to ITA Semifinale"]
[Site "Cortina d'Ampezzo ITA"]
[Date "2007.07.08"]
[Round "1.27"]
[White "Bonafede, Alessandro"]
[Black "Caputi, Nicola"]
[Result "1/2-1/2"]
[WhiteElo "2234"]
[BlackElo "2007"]
[Annotator "Gabriele Ballarin"]
[PlyCount "66"]
[EventDate "2007.07.08"]
[EventType "swiss"]
[EventCountry "ITA"]

1. e4 c5 2. Nf3 Nc6 3. d4 cxd4 4. Nxd4 e6 5. Nc3 Qc7 6. Be3 a6 7. Bd3 Nf6 8. O-O b5 9. Nxc6 Qxc6 10. f3 Bb7 11. Qe1 Bc5 12. Qf2 Rc8 13. Kh1 Bxe3 14. Qxe3 Qc5 15. Qe1 O-O 16. e5 Ne8 17. a4 b4 18. Na2 a5 19. c3 bxc3 20. Nxc3 d6 21. f4 dxe5 22. fxe5 Qb4 23. Qe2 Nc7 24. Rf2 Rcd8 25. Rd1 Rd4 26. Rdf1 Rh4 27. Qc2 Qg4 28. Rf4 Qh3 29. Rxh4 Qxh4 30. Ne4 Nd5 31. Qc4 Ne3 32. Nf6+ Qxf6 33. exf6 Bxg2+ 1/2-1/2

[Event "67.C.to ITA Semifinale"]
[Site "Cortina d'Ampezzo ITA"]
[Date "2007.07.08"]
[Round "1.28"]
[White "Chierici, Marianna"]
[Black "Valenti, Giuseppe"]
[Result "0-1"]
[WhiteElo "2004"]
[BlackElo "2221"]
[Annotator "Gabriele Ballarin"]
[PlyCount "80"]
[EventDate "2007.07.08"]
[EventType "swiss"]
[EventCountry "ITA"]

1. e4 c5 2. c3 Nf6 3. e5 Nd5 4. d4 cxd4 5. Nf3 Nc6 6. cxd4 d6 7. exd6 Qxd6 8. Nc3 Bg4 9. Bc4 e6 10. Bxd5 exd5 11. O-O Be7 12. Qd3 O-O 13. Ne5 Be6 14. f4 f6 15. Nf3 Qd7 16. Nh4 Rac8 17. f5 Bf7 18. Rf4 Bd6 19. a3 Bxf4 20. Bxf4 Rfe8 21. Rf1 Qe7 22. g4 Qd8 23. Kh1 Qb6 24. Nb5 Re4 25. Nd6 Rd8 26. Qg3 Rxd6 27. Bxd6 Qxd4 28. Nf3 Qxb2 29. g5 Bh5 30. gxf6 Qxf6 31. Bc5 b6 32. Bg1 h6 33. Ne1 Ne5 34. h3 Kh7 35. Nc2 Be2 36. Rf2 Nc4 37. Rg2 Bh5 38. Rf2 Ne5 39. Qb3 Bf7 40. Qc3 Ng4 0-1

[Event "67.C.to ITA Semifinale"]
[Site "Cortina d'Ampezzo ITA"]
[Date "2007.07.08"]
[Round "1.29"]
[White "Ubezio, Marco"]
[Black "Carola, Paolo"]
[Result "1-0"]
[WhiteElo "2189"]
[BlackElo "1960"]
[Annotator "Gabriele Ballarin"]
[PlyCount "99"]
[EventDate "2007.07.08"]
[EventType "swiss"]
[EventCountry "ITA"]

1. d4 d5 2. c4 c6 3. Nc3 Nf6 4. cxd5 cxd5 5. Bf4 Nc6 6. e3 a6 7. Bd3 e6 8. a3 Bd6 9. Bxd6 Qxd6 10. f4 O-O 11. Nf3 Bd7 12. Ne5 b5 13. O-O Rab8 14. Rf2 b4 15. Nxc6 Bxc6 16. axb4 Qxb4 17. Rxa6 Rfc8 18. h3 Ne4 19. Bxe4 dxe4 20. Qh5 Qc4 21. Ra7 g6 22. Qe2 Qxe2 23. Rxe2 Bb5 24. Rd2 Bd3 25. Kf2 Rb4 26. d5 Rcb8 27. dxe6 fxe6 28. Na4 Rc8 29. Nc3 Rcb8 30. Ra2 Bc4 31. Ra1 Bd3 32. Nd1 R8b7 33. g4 h6 34. h4 Kf7 35. Ke1 Ke7 36. Ra5 Rb3 37. h5 Kf7 38. hxg6+ Kxg6 39. Re5 Kf6 40. Rh2 Rh7 41. Rxh6+ Rxh6 42. g5+ Kg6 43. gxh6 Kxh6 44. Rxe6+ Kg7 45. Kd2 Kf7 46. Re5 Kf6 47. Kc1 Rb4 48. Nc3 Rc4 49. Kd2 Rc8 50. Nxe4+ 1-0

[Event "67.C.to ITA Semifinale"]
[Site "Cortina d'Ampezzo ITA"]
[Date "2007.07.09"]
[Round "2.28"]
[White "Solinas, Carlo"]
[Black "Stella, Andrea"]
[Result "1-0"]
[WhiteElo "2018"]
[BlackElo "2114"]
[Annotator "Gabriele Ballarin"]
[PlyCount "49"]
[EventDate "2007.07.08"]
[EventType "swiss"]
[EventCountry "ITA"]

1. e4 c5 2. d4 cxd4 3. c3 dxc3 4. Nxc3 Nc6 5. Nf3 e6 6. Bc4 Nf6 7. e5 Ng4 8. Bf4 f6 9. exf6 Nxf6 10. O-O d5 11. Nb5 dxc4 12. Nc7+ Ke7 13. Qa4 Kf7 14. Rad1 Nd5 15. Qxc4 Qf6 16. Rxd5 exd5 17. Qxd5+ Kg6 18. Be5 Qd8 19. Qe4+ Kf7 20. Qf4+ Ke7 21. Ng5 Be6 22. Ncxe6 Qe8 23. Bd6+ Kd7 24. Bxf8 Rxf8 25. Qc7# 1-0

[Event "67.C.to ITA Semifinale"]
[Site "Cortina d'Ampezzo ITA"]
[Date "2007.07.10"]
[Round "3.1"]
[White "Bruno, Fabio"]
[Black "De Santis, Alessio"]
[Result "1-0"]
[WhiteElo "2443"]
[BlackElo "2346"]
[Annotator "Gabriele Ballarin"]
[PlyCount "145"]
[EventDate "2007.07.08"]
[EventType "swiss"]
[EventCountry "ITA"]

1. Nf3 c5 2. c4 g6 3. Nc3 Bg7 4. g3 Nc6 5. Bg2 h5 6. d3 d6 7. Bg5 a6 8. Qd2 Rb8 9. a3 f6 10. Be3 e5 11. b4 Nd4 12. Rb1 Ne7 13. bxc5 dxc5 14. Na4 Qc7 15. Bxd4 cxd4 16. Nb6 Be6 17. O-O Bh6 18. Qc2 O-O 19. Rb2 f5 20. Rfb1 Rfd8 21. Nd2 Bg7 22. Na8 Qc5 23. Nb3 Qxa3 24. Nb6 Qd6 25. Na5 e4 26. Na4 b5 27. cxb5 Rdc8 28. Qd2 e3 29. Qb4 exf2+ 30. Kxf2 Qxb4 31. Rxb4 axb5 32. Rxb5 Rxb5 33. Rxb5 Bh6 34. Rc5 Be3+ 35. Kf1 Rb8 36. Bb7 Bd2 37. Bf3 Rb1+ 38. Kg2 Ra1 39. Nc4 Bb4 40. Rb5 Be1 41. Nc5 Bxc4 42. dxc4 Kf7 43. Nd3 Bd2 44. Ne5+ Ke6 45. Nxg6 Nxg6 46. Rb6+ Ke5 47. Rxg6 h4 48. Bd5 hxg3 49. Re6+ Kf4 50. hxg3+ Kg5 51. Re8 Be3 52. c5 Ra5 53. c6 Rc5 54. Bf3 Rc2 55. Kh3 Rc5 56. Re6 Bd2 57. Rd6 Bc3 58. Bd5 f4 59. g4 Ba5 60. Bf3 Bc3 61. Be4 f3 62. Kg3 Be1+ 63. Kxf3 Rc3+ 64. Bd3 Bd2 65. Rg6+ Kh4 66. Ke4 Be3 67. Kd5 Rc1 68. Rg7 Bh6 69. Rh7 Kg5 70. Bc4 d3 71. exd3 Kg6 72. Rxh6+ Kxh6 73. c7 1-0

[Event "67.C.to ITA Semifinale"]
[Site "Cortina d'Ampezzo ITA"]
[Date "2007.07.10"]
[Round "3.12"]
[White "Vianello, Enrico"]
[Black "Mola, Pietro"]
[Result "0-1"]
[WhiteElo "2137"]
[BlackElo "2276"]
[Annotator "Gabriele Ballarin"]
[PlyCount "70"]
[EventDate "2007.07.08"]
[EventType "swiss"]
[EventCountry "ITA"]

1. d4 Nf6 2. Bg5 d5 3. Bxf6 gxf6 4. c4 dxc4 5. e3 c5 6. Bxc4 cxd4 7. exd4 Bg7 8. Ne2 O-O 9. Nbc3 Nc6 10. Qd2 f5 11. Rd1 Qd6 12. a3 Rd8 13. d5 Ne5 14. Ba2 Bd7 15. O-O Rac8 16. Rb1 Kh8 17. Rfd1 Rg8 18. Nd4 a6 19. Kh1 Nc4 20. Qd3 Ne5 21. Qe2 Ng4 22. Nf3 Bf6 23. Rbc1 Rg7 24. h3 Ne5 25. Nxe5 Bxe5 26. Re1 Bf6 27. Qf3 Rcg8 28. Rg1 e5 29. Qd1 e4 30. Rc2 Bd8 31. Ne2 f4 32. f3 Qh6 33. Qf1 Rxg2 34. Rxg2 Qxh3+ 35. Kg1 Bb6+ 0-1

[Event "67.C.to ITA Semifinale"]
[Site "Cortina d'Ampezzo ITA"]
[Date "2007.07.10"]
[Round "4.21"]
[White "Solinas, Carlo"]
[Black "Vianello, Enrico"]
[Result "1-0"]
[WhiteElo "2018"]
[BlackElo "2137"]
[Annotator "Gabriele Ballarin"]
[PlyCount "91"]
[EventDate "2007.07.08"]
[EventType "swiss"]
[EventCountry "ITA"]

1. e4 d6 2. d4 Nf6 3. Nc3 e5 4. dxe5 dxe5 5. Qxd8+ Kxd8 6. Nf3 Bd6 7. Bc4 Ke7 8. Bg5 c6 9. O-O-O Bc7 10. Nh4 b5 11. Nxb5 cxb5 12. Bd5 Nc6 13. Bxc6 Rb8 14. Nf5+ Bxf5 15. exf5 Rhd8 16. Rxd8 Rxd8 17. Re1 h6 18. Be3 Nd5 19. Bxa7 Kf6 20. Rd1 Nb4 21. Rxd8 Bxd8 22. Bxb5 Nxa2+ 23. Kd2 Nb4 24. Bc4 Ba5 25. c3 Nc6 26. Bc5 Bc7 27. Bd5 Ne7 28. Bxe7+ Kxe7 29. Be4 Bb6 30. f3 Kd6 31. Kd3 Kc5 32. b4+ Kb5 33. Bd5 f6 34. Bf7 Bg1 35. Be8+ Kb6 36. h3 Bf2 37. c4 Kc7 38. c5 Kd8 39. Bc6 Kc7 40. Bd5 Kb8 41. Kc4 Kc7 42. b5 Kb8 43. b6 Kc8 44. Kb5 Kb8 45. c6 Be3 46. c7+ 1-0

[Event "67.C.to ITA Semifinale"]
[Site "Cortina d'Ampezzo ITA"]
[Date "2007.07.11"]
[Round "5.4"]
[White "Bruno, Fabio"]
[Black "Vezzosi, Paolo"]
[Result "1-0"]
[WhiteElo "2443"]
[BlackElo "2302"]
[Annotator "Gabriele Ballarin"]
[PlyCount "93"]
[EventDate "2007.07.08"]
[EventType "swiss"]
[EventCountry "ITA"]

1. d4 Nf6 2. c4 e6 3. Nc3 Bb4 4. Nf3 b6 5. e3 Bb7 6. Bd3 O-O 7. O-O d5 8. a3 Bd6 9. cxd5 exd5 10. b4 Nbd7 11. Qb3 Re8 12. a4 a5 13. b5 Nf8 14. Ba3 Ne6 15. Rfe1 g6 16. Bf1 Rc8 17. Ra2 Ne4 18. Rc2 N6g5 19. Nxg5 Nxg5 20. Bxd6 Qxd6 21. Ne2 Re7 22. Nf4 Kg7 23. Nd3 f6 24. Nf4 Ne4 25. Bd3 f5 26. Bf1 Ng5 27. Nd3 Nf7 28. g3 g5 29. Bg2 Rd8 30. Rc3 Rc8 31. Bf3 g4 32. Bg2 Ng5 33. Rc2 Kh8 34. Ne5 Rg8 35. Qd3 Ne4 36. h3 Rgg7 37. hxg4 fxg4 38. Qb3 Qf6 39. Nd3 Qf5 40. Nf4 Rgf7 41. Bxe4 Qxe4 42. Rc3 Kg8 43. Qc2 Kh8 44. Qxe4 dxe4 45. Kf1 Kg8 46. Ke2 Bc8 47. Nd5 1-0

[Event "67.C.to ITA Semifinale"]
[Site "Cortina d'Ampezzo ITA"]
[Date "2007.07.11"]
[Round "5.5"]
[White "Ramondino, Renzo"]
[Black "Borgo, Giulio"]
[Result "1/2-1/2"]
[WhiteElo "2288"]
[BlackElo "2429"]
[Annotator "Gabriele Ballarin"]
[PlyCount "261"]
[EventDate "2007.07.08"]
[EventType "swiss"]
[EventCountry "ITA"]

{[%evp 0,81,27,16,34,27,27,-1,-16,-37,-19,-21,-18,-22,29,-34,-43,-43,123,6,10,-10,-10,3,13,21,18,25,25,25,15,12,12,-25,-7,0,1,19,18,14,12,10,13,-21,12,9,5,5,32,10,35,13,13,11,12,18,37,10,12,12,22,24,32,23,19,9,10,10,15,17,17,0,34,0,8,0,0,12,17,14,15,7,16,0]} 1. Nf3 d5 2. d4 Nf6 3. c4 e6 4. g3 dxc4 5. Bg2 c5 6. O-O Nc6 7. Qa4 cxd4 8. Nxd4 Qxd4 9. Bxc6+ Bd7 10. Rd1 Bxc6 11. Qxc6+ bxc6 12. Rxd4 Rd8 13. Rxc4 Rd1+ 14. Kg2 Nd5 15. Nc3 Nxc3 16. Rxc3 Bd6 17. Rd3 Rxd3 18. exd3 Kd7 19. Be3 a5 20. Bd4 f6 21. b3 Rb8 22. Rc1 Rb5 23. Kf3 Be5 24. Bc5 Bc7 25. Rc4 Bd6 26. Be3 h5 27. h3 f5 28. Bg5 Rd5 29. Ke2 Bc5 30. Bd2 Bb6 31. Bc3 g6 32. f3 e5 33. g4 hxg4 34. hxg4 Bd4 35. gxf5 gxf5 36. Be1 Bb6 37. a4 Rd6 38. Bc3 Rd5 39. Rh4 Bd4 40. Be1 Rc5 41. Rh7+ Ke6 42. Ra7 Rc2+ 43. Kd1 Rb2 44. Rb7 f4 45. b4 Rb1+ 46. Kd2 axb4 47. Bh4 b3 48. a5 b2 49. a6 Rh1 50. Be1 Rh2+ 51. Kd1 Kd6 52. Bd2 Rh1+ 53. Kc2 Ra1 54. a7 c5 55. Bc3 Bxc3 56. Kxc3 Rxa7 57. Rxb2 Ra1 58. Kd2 Rh1 59. Rb8 Rh2+ 60. Ke1 Kc6 61. Re8 Rh5 62. Rc8+ Kb5 63. Rb8+ Ka4 64. Rb7 Rh1+ 65. Ke2 Rh2+ 66. Ke1 Ka5 67. Rb8 Ka6 68. Re8 Rh5 69. Rb8 Rh1+ 70. Ke2 Ka7 71. Rb5 Rc1 72. Ra5+ Kb6 73. Ra4 Kc6 74. Kd2 Rf1 75. Ke2 Rb1 76. Ra8 Rb2+ 77. Ke1 Rc2 78. Rc8+ Kd7 79. Ra8 c4 80. dxc4 Rxc4 81. Ra6 Rc3 82. Ke2 Re3+ 83. Kf2 Rd3 84. Ke2 Rb3 85. Rh6 Re3+ 86. Kf2 Ra3 87. Ke2 Ke7 88. Rb6 Re3+ 89. Kf2 Kd7 90. Ra6 Rd3 91. Ke2 Rd6 92. Ra7+ Ke6 93. Ra5 Rb6 94. Kf2 Rb2+ 95. Kf1 Kd6 96. Ke1 Rc2 97. Ra8 Kd5 98. Rd8+ Kc4 99. Rd7 Rc3 100. Ke2 Re3+ 101. Kf2 Rd3 102. Rc7+ Kd4 103. Rd7+ Kc3 104. Rc7+ Kd2 105. Rc5 Re3 106. Rd5+ {=} Kc3 107. Rc5+ Kd4 108. Rc8 Rc3 109. Rd8+ Kc4 110. Rc8+ Kb4 111. Rb8+ Ka5 112. Ra8+ Kb6 113. Rb8+ Kc7 114. Rb5 Kd6 115. Ra5 Ke6 116. Ra8 Rc2+ 117. Kf1 Kf6 118. Rf8+ Kg5 119. Rg8+ Kh4 120. Rg7 Kh3 121. Rg8 Kh2 122. Rg7 Rc6 123. Rg5 Kh3 124. Kf2 Kh4 125. Rg8 Kh5 126. Re8 Rc2+ 127. Kf1 Kg5 128. Rg8+ Kf6 129. Rf8+ Ke7 130. Ra8 {=} Ke6 131. Re8+ 1/2-1/2

[Event "67.C.to ITA Semifinale"]
[Site "Cortina d'Ampezzo ITA"]
[Date "2007.07.11"]
[Round "5.6"]
[White "Rombaldoni, Denis"]
[Black "Rombaldoni, Axel"]
[Result "0-1"]
[WhiteElo "2383"]
[BlackElo "2269"]
[Annotator "Gabriele Ballarin"]
[PlyCount "76"]
[EventDate "2007.07.08"]
[EventType "swiss"]
[EventCountry "ITA"]

1. c4 e6 2. g3 d5 3. Bg2 Nf6 4. Nf3 Be7 5. O-O O-O 6. b3 b6 7. Bb2 Bb7 8. e3 Nbd7 9. d3 c5 10. Qe2 Qc7 11. Nbd2 Rfe8 12. Nh4 e5 13. Nf5 Bf8 14. e4 d4 15. g4 g6 16. Ng3 Bh6 17. h4 Nxg4 18. Qxg4 Bxd2 19. h5 {=} Nf6 20. Qh4 g5 21. Qh1 Bc8 22. Bc1 Bf4 23. Bh3 Be6 24. Bf5 h6 25. Qh3 Qd7 26. Kg2 a6 27. Ba3 Rac8 28. b4 cxb4 29. Bxb4 b5 30. cxb5 axb5 31. Bxe6 fxe6 32. a3 Rc2 33. Rfb1 Qf7 34. Be1 g4 35. Qh4 Bxg3 36. Qxg3 Nxh5 37. Qxe5 Qf3+ 38. Kg1 Nf4 0-1

[Event "67.C.to ITA Semifinale"]
[Site "Cortina d'Ampezzo ITA"]
[Date "2007.07.11"]
[Round "5.7"]
[White "Molina, Fabrizio"]
[Black "Piscopo, Pierluigi"]
[Result "1/2-1/2"]
[WhiteElo "2260"]
[BlackElo "2392"]
[Annotator "Gabriele Ballarin"]
[PlyCount "131"]
[EventDate "2007.07.08"]
[EventType "swiss"]
[EventCountry "ITA"]

1. c4 e5 2. Nc3 Nf6 3. Nf3 Nc6 4. a3 g6 5. d4 exd4 6. Nxd4 Bg7 7. Bg5 O-O 8. Nd5 Nxd4 9. Qxd4 Nxd5 10. Qxd5 c6 11. Qc5 d6 12. Bxd8 dxc5 13. O-O-O b6 14. Bh4 Be6 15. e3 Rfe8 16. Be2 Rac8 17. Rd2 a6 18. Rhd1 b5 19. cxb5 cxb5 20. Rd8 Rexd8 21. Rxd8+ Rxd8 22. Bxd8 Bd5 23. g3 c4 24. Ba5 f5 25. Kc2 Be4+ 26. Kc1 Kf7 27. f3 Bd5 28. Kc2 Be5 29. Bc3 Bd6 30. Bd4 h5 31. Kc3 Ke6 32. f4 Kd7 33. Bd1 Kc6 34. Bc2 a5 35. Bf6 Bc5 36. Kd2 Kb6 37. Bd8+ Ka6 38. Bf6 Bc6 39. h3 Bg2 40. g4 Bxh3 41. gxh5 gxh5 42. e4 fxe4 43. Bxe4 Bg4 44. f5 b4 45. axb4 axb4 46. Bg5 Kb6 47. f6 Bf8 48. Be3+ Kc7 49. Bd5 Kd6 50. Bxc4 Ke5 51. f7 Be6 52. Bxe6 Kxe6 53. b3 Kxf7 54. Ke2 Ke6 55. Kf3 Bd6 56. Bd2 Kf5 57. Kg2 Kg4 58. Be1 h4 59. Bd2 Bc5 60. Be1 Be7 61. Bd2 Bd6 62. Be1 h3+ 63. Kh1 Kf3 64. Bd2 Ke2 65. Bxb4 Bxb4 66. Kh2 1/2-1/2

[Event "67.C.to ITA Semifinale"]
[Site "Cortina d'Ampezzo ITA"]
[Date "2007.07.11"]
[Round "5.8"]
[White "Dvirnyy, Danyyil"]
[Black "Paglietti, Nicola"]
[Result "1/2-1/2"]
[WhiteElo "2365"]
[BlackElo "2266"]
[Annotator "Gabriele Ballarin"]
[PlyCount "72"]
[EventDate "2007.07.08"]
[EventType "swiss"]
[EventCountry "ITA"]

1. e4 b6 2. d4 Bb7 3. Bd3 Nf6 4. Qe2 Nc6 5. c3 e5 6. d5 Ne7 7. h4 c6 8. c4 Ng6 9. h5 Bb4+ 10. Nc3 Nf4 11. Bxf4 exf4 12. e5 O-O 13. O-O-O Bxc3 14. bxc3 Re8 15. d6 c5 16. h6 g6 17. Re1 b5 18. Qd2 bxc4 19. Bxc4 Nd5 20. Bxd5 Bxd5 21. Qxd5 Qa5 22. Qc4 Rab8 23. Nh3 Qa3+ 24. Kc2 Rb2+ 25. Kd3 Rb4 26. Qxc5 Qa6+ 27. c4 Qa3+ 28. Ke4 Qc3 29. Rc1 Rxe5+ 30. Kxf4 Qxc1+ 31. Kxe5 Qc3+ 32. Kd5 Qd3+ 33. Qd4 Qf5+ 34. Qe5 Qd3+ 35. Qd4 Qf5+ 36. Qe5 Qd3+ 1/2-1/2

[Event "67.C.to ITA Semifinale"]
[Site "Cortina d'Ampezzo ITA"]
[Date "2007.07.11"]
[Round "5.9"]
[White "Tocchioni, Doriano"]
[Black "De Santis, Alessio"]
[Result "1-0"]
[WhiteElo "2265"]
[BlackElo "2346"]
[Annotator "Gabriele Ballarin"]
[PlyCount "59"]
[EventDate "2007.07.08"]
[EventType "swiss"]
[EventCountry "ITA"]

1. Nf3 c5 2. b3 Nc6 3. Bb2 a6 4. g3 e6 5. Bg2 h5 6. e4 d6 7. d4 cxd4 8. Nxd4 h4 9. Nd2 hxg3 {=} 10. hxg3 Rxh1+ 11. Bxh1 Nxd4 12. Bxd4 e5 13. Be3 Be6 14. Bf3 Rc8 15. c4 Nf6 16. Kf1 Qa5 17. Kg2 Be7 18. Be2 Nd7 19. Qh1 b5 20. a4 bxc4 21. Nxc4 Qb4 22. Qh8+ Bf8 23. Rd1 Bxc4 24. Bxc4 Nf6 25. f3 Rc6 26. g4 Qc3 27. Kf2 d5 28. exd5 e4 29. dxc6 g5 30. Qh2 1-0

[Event "67.C.to ITA Semifinale"]
[Site "Cortina d'Ampezzo ITA"]
[Date "2007.07.11"]
[Round "5.11"]
[White "Astengo, Corrado"]
[Black "Mola, Pietro"]
[Result "1/2-1/2"]
[WhiteElo "2109"]
[BlackElo "2296"]
[Annotator "Gabriele Ballarin"]
[PlyCount "163"]
[EventDate "2007.07.08"]
[EventType "swiss"]
[EventCountry "ITA"]

{[%evp 0,67,27,45,55,17,0,-24,-2,9,-7,-20,8,24,2,2,-13,-7,17,-40,-28,-45,1,-22,-25,-46,-27,-39,-28,-58,-43,-82,-65,-53,-58,-58,-10,-56,-36,-34,-56,-70,-39,-27,-32,-37,-10,-21,0,0,0,0,0,0,0,0,0,0,-8,-20,48,-29,-29,-38,-44,-45,-40,-82,0,-50]} 1. e4 e6 2. d3 d5 3. Nd2 c5 4. g3 Nc6 5. Bg2 Nge7 6. Ngf3 g6 7. O-O Bg7 8. Re1 O-O 9. Nf1 dxe4 10. dxe4 Qc7 11. c3 b6 12. Bf4 e5 13. Bg5 f6 14. Be3 Be6 15. Qc2 a5 16. a4 Rad8 17. Rad1 Nc8 18. Bc1 Qf7 19. Rxd8 Rxd8 20. Rd1 Rxd1 21. Qxd1 Bb3 22. Qd3 c4 23. Qd5 Qxd5 24. exd5 N6e7 25. N3d2 Ba2 26. Ne3 Bh6 27. Ng4 Bg7 28. Ne3 Nd6 29. Ne4 Nec8 30. Nd2 f5 31. Bf1 Bh6 32. Nf3 e4 33. Nd4 Kf7 34. Nc6 Ke8 35. Bd2 Bg7 36. Be2 Ne7 37. Nxe7 Kxe7 38. Kf1 Bf6 39. Nc2 Bb3 40. Na3 Bxa4 41. Nxc4 Nxc4 42. Bxc4 Kd6 43. Ba2 Be8 44. Be3 b5 45. Ke2 Bf7 46. Bf4+ Be5 47. Bxe5+ Kxe5 48. d6 Be8 49. Bf7 Bd7 50. Bg8 h6 51. h4 Kxd6 52. Bf7 g5 53. hxg5 hxg5 54. Ke3 Ke5 55. f4+ exf3 56. Kxf3 Bc6+ 57. Ke3 f4+ 58. gxf4+ gxf4+ 59. Ke2 Bd5 60. Be8 Bc4+ 61. Kf3 Bd3 62. Bc6 b4 63. cxb4 axb4 64. Bb7 Bg6 65. Bc6 Bh5+ 66. Kf2 Kd4 67. Bb5 Bg6 68. Kf3 Ke5 69. Bc6 Bf7 70. Bb5 Bd5+ 71. Kf2 Kd4 72. Be2 Be4 73. Bb5 Bd3 74. Be8 Ba6 75. Kf3 Kd3 76. Kxf4 Kc2 77. Ke3 Kxb2 78. Kd4 Kc2 79. Ba4+ Kd2 80. Bb3 Bd3 81. Ba4 Be2 82. Ke4 1/2-1/2

[Event "67.C.to ITA Semifinale"]
[Site "Cortina d'Ampezzo ITA"]
[Date "2007.07.11"]
[Round "5.12"]
[White "Gioseffi, Massimiliano"]
[Black "Valsecchi, Alessio"]
[Result "0-1"]
[WhiteElo "2014"]
[BlackElo "2175"]
[Annotator "Gabriele Ballarin"]
[PlyCount "78"]
[EventDate "2007.07.08"]
[EventType "swiss"]
[EventCountry "ITA"]

1. d4 Nf6 2. Nf3 g6 3. c4 c5 4. d5 e6 5. Nc3 exd5 6. cxd5 d6 7. e4 Bg7 8. h3 O-O 9. Bd3 b5 10. Nxb5 Re8 11. O-O Nxe4 12. Re1 a6 13. Na3 Nf6 14. Rxe8+ Nxe8 15. Nc4 Nd7 16. Bd2 Bb7 17. Ne3 Nc7 18. Ba5 Nf6 19. Bc4 Qd7 20. a4 Ne4 21. Qb3 Ne8 22. Ra3 f5 23. Qb6 f4 24. Nd1 N8f6 25. Rd3 Re8 26. b3 Qc8 27. Be1 Nd7 28. Qa5 Bf6 29. Nd2 Bd8 30. Nxe4 Bxa5 31. Bxa5 Rxe4 32. f3 Re8 33. Nf2 Ne5 34. Rd2 Nxc4 35. bxc4 Qd7 36. Ne4 Rxe4 37. fxe4 Qxa4 38. Re2 Qxa5 39. e5 dxe5 0-1

[Event "67.C.to ITA Semifinale"]
[Site "Cortina d'Ampezzo ITA"]
[Date "2007.07.11"]
[Round "5.15"]
[White "Brancaleoni, Maurizio"]
[Black "Solinas, Carlo"]
[Result "0-1"]
[WhiteElo "2256"]
[BlackElo "2012"]
[Annotator "Gabriele Ballarin"]
[PlyCount "72"]
[EventDate "2007.07.08"]
[EventType "swiss"]
[EventCountry "ITA"]

1. d4 f5 2. Bg5 d5 3. e3 Qd6 4. c4 Qb4+ 5. Nc3 e6 6. a3 Qd6 7. Nb5 Qd7 8. Nf3 g6 9. h4 c6 10. Nc3 Bg7 11. Ne5 Bxe5 12. dxe5 Qg7 13. Bf4 Nd7 14. cxd5 exd5 15. Qd4 Nf8 16. O-O-O Ne6 17. Qa4 Bd7 18. Bg3 Nh6 19. Ne2 O-O 20. Nf4 Ng4 21. Qb4 Nxf4 22. exf4 Be6 23. h5 c5 24. Qd2 d4 25. Be2 Qd7 26. hxg6 hxg6 27. Bh4 Rf7 28. Bxg4 fxg4 29. Rh2 Qd5 30. Bf6 Rxf6 31. exf6 Qa2 32. Qe2 Re8 33. Qb5 Bd7 34. f7+ Qxf7 35. Qd3 Qxf4+ 36. Rd2 Re1+ 0-1

[Event "67.C.to ITA Semifinale"]
[Site "Cortina d'Ampezzo ITA"]
[Date "2007.07.11"]
[Round "5.16"]
[White "Fontana, Enrico"]
[Black "Satta, Vladimiro"]
[Result "1-0"]
[WhiteElo "2128"]
[BlackElo "2248"]
[Annotator "Gabriele Ballarin"]
[PlyCount "111"]
[EventDate "2007.07.08"]
[EventType "swiss"]
[EventCountry "ITA"]

1. e4 e6 2. d4 d5 3. exd5 exd5 4. Bd3 Nc6 5. c3 Bd6 6. Qf3 Nf6 7. h3 O-O 8. Ne2 Re8 9. Bg5 Be7 10. Nd2 Ne4 11. Bxe7 Qxe7 12. O-O-O f5 13. Nf4 Be6 14. Nxe6 Qxe6 15. Nf1 g6 16. Ng3 Qd6 17. Ne2 a6 18. Rhf1 b5 19. Qf4 Qe7 20. h4 Rad8 21. f3 Nd6 22. g4 {=} fxg4 23. Qxg4 Qd7 24. Qg5 Nf7 25. Qg2 Kh8 26. h5 gxh5 27. Qh2 Qe7 28. Rh1 h4 29. Qxh4 Qxh4 30. Rxh4 Ng5 31. Rg1 Re3 32. Rxg5 Rxd3 33. Nf4 Re3 34. Ng6+ Kg7 35. Ne5+ Kf6 36. Nxc6 Kxg5 37. Rg4+ Kf5 38. Nxd8 Rxf3 39. Rh4 Kg6 40. Nc6 Rf1+ 41. Kc2 Rf2+ 42. Kd3 h5 43. Rh1 Rxb2 44. Ne7+ Kg5 45. Nxd5 Rxa2 46. Nxc7 Ra3 47. Kd2 Ra2+ 48. Ke3 Ra3 49. Nd5 b4 50. Nxb4 Rxc3+ 51. Ke4 a5 52. Rg1+ Kh6 53. Nd5 Rc8 54. Kf5 Rc2 55. Rg6+ Kh7 56. Nf6+ 1-0